000 00424nam a2200181Ia 4500
005 20251020182613.0
008 200515s9999 xx 000 0 und d
082 _aSC/69.032(094.7)/S42
100 _aSENCICO
245 0 _aReglamento de metrados para obras de edificación
260 _aLima
260 _c2002
300 _a89
650 _aMETRADOS
650 _aPUB SENCICO
650 _aREGLAMENTOS
942 _cLIB
999 _c3399
_d3399